Riadenie polohy dvojitého inverzného kyvadla

Gespeichert in:
Bibliographische Detailangaben
1. Verfasser: Varga, Zoltán (Verfasst von)
Weitere Verfasser: Rosinová, Danica (Betreuung Doktorarbeit)
Format: Manuskript Buch
Sprache:Slowakisch
Veröffentlicht: Bratislava : STU v Bratislave FEI, 2023
Schlagworte:
Online-Zugang:https://opac.crzp.sk/?fn=detailBiblioFormChildCOS1U&sid=72C4190EA10FC8F71DD205D508EF&seo=CRZP-detail-kniha
Tags: Tag hinzufügen
Keine Tags, Fügen Sie das erste Tag hinzu!

MARC

LEADER 00000ntm a22000003a 4500
001 stuzp93381
003 SK-STU
005 20241205142727.0
007 ta
008 150427s2015----xo-----f-mn---000-0-slo-d
040 |a STU  |b slo 
041 0 |a slo 
044 |a xo 
100 1 |a Varga, Zoltán  |u 030400  |4 aut  |U FEI Fakulta elektrotechniky a informatiky  |T FEI Ústav automobilovej mechatroniky  |X 92462  |U E400  |Y 642  |7 92462 
242 0 1 |a Double pendulum position control  |y eng 
245 1 0 |a Riadenie polohy dvojitého inverzného kyvadla 
260 |a Bratislava :  |b STU v Bratislave FEI,  |c 2023 
300 |a 74 s. 
650 4 |a modelovanie dynamického systému  |2 slo 
650 4 |a PID regulátor  |2 slo 
650 4 |a decentralizované riadenie  |2 slo 
650 4 |a riadenie v stavovom priestore  |2 slo 
650 4 |a decentralised control  |2 eng 
650 4 |a state space control  |2 eng 
650 4 |a PID controller  |2 eng 
650 4 |a dynamic system modelling  |2 eng 
700 1 |a Rosinová, Danica  |u 030400  |k Z1  |4 ths  |U FEI Fakulta elektrotechniky a informatiky  |T FEI Ústav automobilovej mechatroniky  |X 4938  |U E400  |Y 642  |7 A000004938 
856 4 |u https://opac.crzp.sk/?fn=detailBiblioFormChildCOS1U&sid=72C4190EA10FC8F71DD205D508EF&seo=CRZP-detail-kniha